00424nam a2200157Ia 45000010006000000050017000060080041000230410008000640820016000721000037000882450088001252600009002133000028002226500008002506540008002582450620260414151048.0260414t2011||||xx |||||||||||||| ||spa|| aESP a345.71bP53 aPicó i Junoy, Joan (Dir.)eAUT 0aEl aprendizaje del derecho procesal :bnuevos retos de la enseñanza universitaria c2011 a551 páginas :c24 cm. aDER aCDE